00471nam a2200169 a 4500001001300000003000900013005001700022008004100039020001000080082001900090245005500109260003900164300000900203500003500212650003100247710002300278nice12345678IN_TiNIC20260116011450.0070702s1950 boma grp 000 0 eng  ac10000a491.47321bGEN aMy Own Pocket Dictionary Gujarati-English-gujarati aBombay bGeneral Book Depot c1950 a1086 aincludes index and biblioraphy aDictionary-English Gujrati2 aGeneral Book Depot